Prezentácia mimoriadnych výnosov a mimoriadnych nákladov v prehľade peňažných tokov podľa právnej úpravy účtovníctva podnikateľov SR

Vykazovanie peňažných tokov z mimoriadnej činnosti v prehľade peňažných tokov účtovnej jednotky. Podrobnosti o postupoch účtovania a rámcovej účtovnej osnove pre podnikateľov účtujúcich v sústave podvojného účtovníctva.

Salvato in:
Dettagli Bibliografici
Autore principale: Sklenka, Miloš
Natura: Capitolo di libro
Lingua:slovacco
Soggetti:
Tags: Aggiungi Tag
Nessun Tag, puoi essere il primo ad aggiungerne!!

MARC

LEADER 00000naa$a2200000$$$4500
001 0196825
005 20240502083500.2
041 0 |a slo 
044 |a CZ 
245 1 0 |a Prezentácia mimoriadnych výnosov a mimoriadnych nákladov v prehľade peňažných tokov podľa právnej úpravy účtovníctva podnikateľov SR  |c Miloš Sklenka 
520 |a Vykazovanie peňažných tokov z mimoriadnej činnosti v prehľade peňažných tokov účtovnej jednotky. Podrobnosti o postupoch účtovania a rámcovej účtovnej osnove pre podnikateľov účtujúcich v sústave podvojného účtovníctva. 
610 2 0 |a účtovníctvo podvojné 
610 2 0 |a účtovníctvo prevádzkové 
610 2 0 |a účtovanie nákladov 
610 2 0 |a metódy účtovné 
610 2 0 |a obdobie účtovné 
610 2 0 |a cash flow 
610 2 0 |a jednotka účtovná 
610 2 0 |a osnova účtová 
100 1 |a Sklenka, Miloš